| 000 | 00423nam a22001457a 4500 | ||
|---|---|---|---|
| 999 |
_c3725 _d3725 |
||
| 008 | 200626b ||||| |||| 00| 0 eng d | ||
| 082 | 0 | 0 |
_a620.00222 _bB5755 |
| 100 |
_91437 _aBhatt, N. D. |
||
| 245 | 1 | 0 |
_aElementary engineering drawing [Plane and solid geometry] / _cby N. D. Bhatt |
| 250 | _a24th ed. | ||
| 260 |
_aAnand _bCharotar Publishing House _c1985 |
||
| 300 | _a600 p. | ||
| 650 | 0 | _aMechanical Drawing | |
| 942 | _cBK | ||